000 00333nam a2200121Ia 4500
008 170224s9999 xx 000 0 und d
245 _aCommunity College Baccalaureate Nursing Programs Are Growing Nationwide
260 _bAmerican Journal of Nursing
260 _c2016
300 _a116:8
500 _aAugust
650 _xNursing.
999 _c316889
_d316889